LIBRARY & INFORMATION CENTRE, KCAET, TAVANUR

ONLINE PUBLIC ACCESS CATALOGUE (OPAC)

Indian tobacco: a monograph (Record no. 8766)

MARC details
000 -LEADER
fixed length control field 00377cam a2200157ua 4500
041 ## - LANGUAGE CODE
Language code of text/sound track or separate title eng
082 ## - DEWEY DECIMAL CLASSIFICATION NUMBER
Classification number 633.71
Item number MIN/IN
100 ## - MAIN ENTRY--AUTHOR NAME
Personal name Minister of agriculture, .
245 ## - TITLE STATEMENT
Title Indian tobacco: a monograph
250 ## - EDITION STATEMENT
Edition statement 1 /
260 ## - PUBLICATION, DISTRIBUTION, ETC. (IMPRINT)
Place of publication Madras :
Name of publisher Indian central tobacco committee ,
Year of publication 1960.
300 ## - PHYSICAL DESCRIPTION
Number of Pages 413 ; .
942 ## - ADDED ENTRY ELEMENTS (KOHA)
Koha item type Books
Holdings
Withdrawn status Lost status Damaged status Home library Current library Date acquired Cost, normal purchase price Full call number Accession Number Koha item type
Withdrawn     KAUAET KAUAET 07/04/2012 25.00 633.71 7820 Books
free website counter